000 00428nam a2200193Ia 4500
008 240510s9999 xx 000 0 und d
020 _a0000412075407
041 _aEng
082 _a004.1
082 _bE28
100 _aEDWARDS ELWYN
245 0 _aINFORMATION TRANSMISSION
260 _bLONDON : CHAPMAN & HALL
260 _c1964
300 _a133 p.
650 _aCOMPUTER SCIENCE
942 _2ddc
942 _cLBK
999 _c26655
_d26655
945 _a1
_bMadushi Gamage
_c1
_dMadushi Gamage